| 000 | 00588nam a2200217 a 4500 | ||
|---|---|---|---|
| 005 | 20210219153438.0 | ||
| 008 | 991125n 000 0 spa u | ||
| 035 | _aUPN01000100264 | ||
| 100 | _aGONGORA QUINTERO, Rodolfo | ||
| 222 | _aDIFUSION EDUCATIVA | ||
| 245 | _aLas situaciones que enfrenta el niño con el conocimiento matemático | ||
| 260 | _aTamaulipas, México | ||
| 300 | _a21-22 | ||
| 362 | _a1996 No. 12, año 6, may. | ||
| 653 | 0 | _aAPRENDIZAJE | |
| 653 | 0 | _aENSEÑANZA | |
| 653 | 0 | _aMATEMATICA | |
| 653 | 0 | _aNIÑOS | |
| 904 |
_aAC _b038075 |
||
| 905 | _aArticulo | ||
| 999 |
_c77063 _d77063 |
||